| 000 | 00810nam a2200253Ia 4500 | ||
|---|---|---|---|
| 003 | OSt | ||
| 005 | 20221005103132.0 | ||
| 006 | a|||||r|||| 00| 0 | ||
| 007 | ta | ||
| 008 | 221004b |||||||| |||| 00| 0 hin d | ||
| 024 | _a118662 | ||
| 037 | _cTextual | ||
| 040 |
_aCRL _cCRL _bhin |
||
| 041 |
_2hin _ahin |
||
| 082 | _aO152,1N24x, N7 | ||
| 100 | _aखंडेलवाल, गुलाब | ||
| 245 | 0 | _aदेश विराना है | |
| 246 | _aDesh virānā hai | ||
| 260 |
_aउत्तर _bप्रदेश कमल प्रकाशन भारत _c1997 |
||
| 300 |
_a128पृ0 _ccm. |
||
| 650 | _aहिन्दी साहित्य | ||
| 942 |
_hO152,1N24x, N7 _cTEXL _2cc |
||
| 999 |
_c1009500 _d1009500 |
||